000
00273nam a22001337a 4500
008
181220b xxu||||| |||| 00| 0 eng d
020
_a
9783822859803
041
_a
eng
080
_a
701
100
_a
44
101
_a
ART
245
_a
Klimt
_c
Neret,G
942
_2
udc
_c
BK
999
_c
53560
_d
53560